1457 1466 1697 1438 1537 1492 1351 1463 1873 1739 1030 1480 1554 1332 1424 1941 1633 1443 1739 1547 1323 1769 1213 1438 1790 1549 1941 1806 1538 1693 1419 1844 1039 1381 1166 1053 1967 1163 1055 1265 1778 1666 1844 1213 1609 1344 1539 1079 1473 1356 1387 1129 1233 1533 1895 1134 1614 1391 1271 1840 1510 1909 1370 1626 1449 1484 1392 1190 1907 1915 1522 1473 1849 1594 1468 1000 1616 1025 1898 1831 1634 1182 1928 1652 1095 1634 1616 1755 1971 1584 1782 1416 1493 1384 1093 1737 1529 1755 1290 BCNSPRNW ULIB Ver.6.0+V

เปลี่ยนเป็นภาษาไทย

Change to English
 แสดงรายละเอียดบรรณานุกรม
  กลับหน้าหลัก

Brief Record : Get Marc (ISO 2709) : E-mail record : QR code < ปิดหน้าต่าง
LEADER : 00000nam 2200000uu 4500
001    13399124675
003     ULIB
008    151120s2546||||th 000 0 tha d
099    ^aวพ.W 4^bศ173ร
100 0  ^aศรีสังวาลย์ เนตรอนงค์
245 10 ^aระยะเวลาในการจำหน่ายและปัจจัยที่เกี่ยวข้องของผู้ป่วยหลังได้รับยาระงับความรู้สึกทั่วไปในห้องพักฟื้น โรงพยาบาลนครพิงค์ /^cศรีสังวาลย์ เนตรอนงค์
260    ^aเชียงใหม่ :^bบัณฑิตวิทยาลัย มหาวิทยาลัยเชียงใหม่,^c2546
300    ^aฌ, 97 แผ่น :^bตาราง
502    ^aวิทยานิพนธ์ (พยาบาลศาสตรมหาบัณฑิต (สาขาวิชาการบริหารการพยาบาล)) -- มหาวิทยาลัยเชียงใหม่
504    ^aบรรณานุกรม: แผ่น 79 - 84
610 27 ^aโรงพยาบาลนครพิงค์
650  2 ^aDissertations, academic^xnursing
650  2 ^aPatient discharge
650  2 ^aAnesthesia
650  2 ^aRecovery room
650  7 ^aโรงพยาบาล^xการรับและจำหน่ายผู้ป่วย
650  7 ^aผู้ป่วย^xการดูแล
650  7 ^aยาระงับความรู้สึก
710 2  ^aมหาวิทยาลัยเชียงใหม่.^bบัณฑิตวิทยาลัย
710 2  ^aมหาวิทยาลัยเชียงใหม่.^bสาขาวิชาการบริหารการพยาบาล
945    ^p0^l0^i000218
999    ^aวรรณษา ชูชัยมงคล
รายการนี้ยังไม่มีแท็ก
คุณยังไม่ได้ล็อกอิน คุณสามารถมีกิจกรรมร่วมกับเว็บไซต์ได้ แต่ต้องล็อกอินก่อน ::
  ล็อกอิน

รายการสื่อสารสนเทศ

ลำดับที่ ประเภท เลขเรียก/บาร์โค้ด สถานที่ สถานะ
1. วิทยานิพนธ์
วิทยานิพนธ์
วพ.W 4 ศ173ร ฉ.1 
  Barcode: 000218
ห้องสมุดวิทยาเขตสวรรค์ประชารักษ์
► วิทยานิพนธ์
บนชั้น

รายการใกล้เคียง
    หัวเรื่อง [Patient discharge]
    หัวเรื่อง [Anesthesia]
    หัวเรื่อง [ผู้ป่วย การดูแล]
    หัวเรื่อง [ยาระงับความรู้สึก]

BibComment


ยังไม่เคยถูกคอมเมนท์

คอมเมนท์ทรัพยากรรายการนี้
  คอมเมนท์: ระยะเวลาในการจำห..


 Copyright 2026. Bcnsprnw @Library